|
|
|
|
| LEADER |
00000nas a2200000 a 4500 |
| 001 |
ssj0006370 |
| 003 |
WaSeSS |
| 005 |
20200512172242.0 |
| 006 |
m d |
| 007 |
cr n |
| 008 |
851101u1984uuuusj fr p s 0 0eng c |
| 010 |
|
|
|a 87658219
|z sn 85023477
|
| 016 |
7 |
|
|a 101084491
|2 DNLM
|
| 016 |
7 |
|
|a 13620-7
|2 DE-600
|
| 016 |
7 |
|
|a 010003653
|2 Uk
|
| 022 |
|
|
|l 0255-4070
|y 0255-4070
|
| 035 |
|
|
|a (WaSeSS)ssj0006370
|
| 040 |
|
|
|a FUG
|b eng
|c FUG
|d NST
|d HUL
|d IUL
|d NST
|d DLC
|d NST
|d DLC
|d COO
|d NST
|d GUA
|d SYS
|d OCLCQ
|d NLM
|d BOS
|d U9S
|d OCLCQ
|d HEBIS
|d UKMGB
|d OCLCQ
|d DLC
|d IUL
|d OCLCF
|d OCLCO
|d OCLCQ
|d WaSeSS
|
| 041 |
0 |
|
|a eng
|a ara
|
| 042 |
|
|
|a pcc
|
| 043 |
|
|
|a f-sj---
|
| 050 |
0 |
0 |
|a HQ1793.5
|b .A13
|
| 050 |
1 |
4 |
|a AS699.S8
|b K35
|
| 082 |
0 |
0 |
|a 305.4/09624/05
|2 19
|
| 245 |
0 |
4 |
|a The Ahfad journal
|h [electronic resource].
|
| 246 |
1 |
5 |
|6 880-01
|a Majallat al-Aḥfād
|
| 260 |
|
|
|a Omdurman, Sudan :
|b Ahfad University College for Women,
|c [1984]-
|
| 310 |
|
|
|a Semiannual
|
| 362 |
0 |
|
|a Vol. 1 ([1984])-
|
| 500 |
|
|
|a Title from cover.
|
| 506 |
|
|
|a License restrictions may limit access.
|
| 515 |
|
|
|a Vol. 1 consists of one number only, issued for 1984.
|
| 546 |
|
|
|a Chiefly English; some Arabic.
|
| 588 |
|
|
|a Latest issue consulted: Vol. 3, no. 1 (June 1986).
|
| 650 |
|
0 |
|a Women
|z Sudan
|v Periodicals.
|
| 650 |
|
0 |
|a Women
|x Education
|z Sudan
|v Periodicals.
|
| 650 |
|
6 |
|a Femmes
|z Pays en voie de développement
|v Périodiques.
|
| 650 |
|
6 |
|a Femmes
|z Soudan
|v Périodiques.
|
| 650 |
|
7 |
|a Women.
|2 fast
|0 (OCoLC)fst01176568
|
| 650 |
|
7 |
|a Women
|x Education.
|2 fast
|0 (OCoLC)fst01176670
|
| 651 |
|
7 |
|a Sudan.
|2 fast
|0 (OCoLC)fst01204591
|
| 655 |
|
0 |
|a Electronic journals.
|
| 710 |
2 |
|
|6 880-02
|a Kullīyat al-Aḥfād al-Jāmiʻīyah lil-Banāt.
|
| 850 |
|
|
|a CLSU
|a CSt
|a CU
|a CU-SB
|a CoU
|a DLC
|a FU
|a GU
|a IEN
|a IaAS
|a IaU
|a InU
|a MH
|a MiEM
|a NIC
|a NNC
|a NcD
|a NjP
|a OU
|a ViU
|a WaU
|
| 853 |
0 |
0 |
|8 1
|a v.
|b no.
|i (year)
|j (month)
|
| 856 |
4 |
0 |
|z Full text available from Research Library: 12/01/1997 to present
|u https://search.proquest.com/publication/5287
|
| 863 |
4 |
0 |
|8 1
|a <1>-
|i <1984>-
|x provisional
|
| 880 |
1 |
5 |
|6 246-01/(3/r
|a مجلة الاحفاد
|
| 880 |
2 |
|
|6 710-02/(3/r
|a كلية الاحفاد الجامعية للبنات.
|